Normal view
MARC view
- Ortega Sánchez, José Antonio
Entry Nombre Personal
001 - NUMERO DE CONTROL
- campo de control: 41952
003 - IDENTIFICADOR DE NUMERO DE CONTROL
- campo de control: UPN
005 - FECHA Y HORA DE LA ÜLTIMA TRANSACCIÓN
- campo de control: 20210219194614.0
008 - DATOS DE LONGITUD FIJA
- campo de control de longitud fija: nabaccnnaabn|||||||||| b |nc|||||d
035 ## - NUMERO DE CONTROL
- Número de control: UPN11000014059
040 ## - FUENTE DE CATALOGACIÓN
- Lenguaje de catalogación: SPA
- Agencia de transcripción: UPN
100 1# - ENCABEZAMIENTO - NOMBRE PERSONAL
- Nombre personal: Ortega Sánchez, José Antonio
670 ## - FUENTE EN LA QUE SE LOCALIZARON DATOS
- Cita de la fuente: T
- Uniform Resource Identifier: https://www.eluniversal.com.mx/tag/jose-antonio-ortega-sanchez
680 ## - NOTA PUBLICA DE ACCESO PÚBLICO
- Frase explicativa de la referencia: Abogado mexicano, presidente del Consejo Ciudadano para la Seguridad Pública y la Justicia Penal
902 ## - CATALOGADOR
- Catalogador: BDV/09112018
